000 01007nas a2200325 4500
001 BR0203346
003 BR-BrBNA
005 20231205103055.0
007 ta
008 230509b bl.|||p| |||| 00| 00por d
040 _aBR-BrBNA
_bpor
_cBiblioteca Nacional de Agricultura
041 _a(Pt)
072 _aL50; L70
100 1 _aFernandes, S.T.
100 1 _aTeixeira, M.N.
100 1 _aSantos, E.S.
245 1 _aInfluência da temperatura e do tempo de armazenamento nas dosagens bioquímicas de uréia e creatinina em soro ou plasma caninos
650 _aCÃO
650 _aURÉIA
650 _aCREATININA
650 _aPLASMA
650 _aCONSERVAÇÃO
650 _aTEMPERATURA
650 _aARMAZENAMENTO
650 _aBIOQUÍMICA ANIMAL
650 _aVETERINÁRIA
773 0 _tArquivo Brasileiro de Medicina Veterinária e Zootecnia (Brazil)
_xISSN 0102-0935
_g(Dec 2001), v. 53(6) p. 648-651
_wBR0203346
909 _a202311
_bLúcia
_c55
_dLúcia Elande
942 _2AGRIS
_n0
_cANA
999 _c170913
_d170913